| 000 | 01707nam a22003494a 4500 | ||
|---|---|---|---|
| 001 | ebr10064738 | ||
| 003 | CaPaEBR | ||
| 006 | m u | ||
| 007 | cr cn||||||||| | ||
| 008 | 000307s2000 cau sb s001 0 eng | ||
| 010 | _z 00028657 | ||
| 020 | _z0520224213 (alk. paper) | ||
| 020 | _z0520224221 (pbk. : alk. paper) | ||
| 040 |
_aCaPaEBR _cCaPaEBR |
||
| 035 | _a(OCoLC)60779350 | ||
| 050 | 1 | 4 |
_aDS62.8 _b.W37 2000eb |
| 082 | 0 | 4 |
_a956.04 _221 |
| 245 | 0 | 0 |
_aWar, institutions, and social change in the Middle East _h[electronic resource] / _cedited by Steven Heydemann. |
| 260 |
_aBerkeley : _bUniversity of California Press, _cc2000. |
||
| 300 | _a372 p. | ||
| 500 | _a"This volume is the result of a project on war and social change in the Middle East, directed and sponsored by the Social Science Research Council, Joint Committee on the Near and Middle East"--T.p. verso. | ||
| 504 | _aIncludes bibliographical references (335-356) and index. | ||
| 530 | _aA digital reproduction is available from E-Editions, a collaboration of the University of California Press and the California Digital Library's eScholarship program. | ||
| 533 |
_aElectronic reproduction. _bPalo Alto, Calif. : _cebrary, _d2013. _nAvailable via World Wide Web. _nAccess may be limited to ebrary affiliated libraries. |
||
| 650 | 0 |
_aWar and society _zMiddle East. |
|
| 650 | 0 |
_aWar _xEconomic aspects _zMiddle East. |
|
| 651 | 0 |
_aMiddle East _xHistory _y20th century. |
|
| 655 | 7 |
_aElectronic books. _2local |
|
| 700 | 1 | _aHeydemann, Steven. | |
| 710 | 2 | _aebrary, Inc. | |
| 856 | 4 | 0 |
_uhttp://site.ebrary.com/lib/rucke/Doc?id=10064738 _zAn electronic book accessible through the World Wide Web; click to view |
| 999 |
_c159895 _d159895 |
||